• 首页
  • 本馆介绍
  • 公告通知
  • 最新文献
  • 馆藏检索
  • 电子资源
  • 读者导购
  • 参考咨询
  • 我的图书馆
  • 登录
  • 详细信息显示
  • 放入我的书架
  • 预约/预借图书
  • 作者相关作品
  • 分类相关作品
  • 丛书相关作品
  • 出版社相关作品

书目信息

  • 表格格式
  • 工作单格式
  • 卡片格式
题名:
庄子译注
    
 
作者: 孟庆祥 译注
分册:  
出版信息: 哈尔滨   黑龙江人民出版社  2003
页数: 547页
开本: 22cm
丛书名: 二十二子详注全译
单 册:
中图分类: B223.54
科图分类:
主题词: 道家
电子资源:
ISBN: 7-207-04394-5
000 00897oam2 2200289 450
001 05002241379
005 20051226110721.68
010    @a7-207-04394-5@dCNY509.10(全套)
092    @aCN
100    @a20050627e20042003ekmy0chiy0120 ea
101 0  @achi
102    @aCN@b230000
105    @ay z 000yy
200 1  @a庄子译注@9zhuang zi yi zhu@f孟庆祥等译注@Fmeng qing xiang deng yi zhu
210    @a哈尔滨@c黑龙江人民出版社@d2003@h2004重印
215    @a547页@d22cm
225 2  @a二十二子详注全译@f韩格平,董莲池主编
330    @a本书包括《逍遥游》、《齐物论》、《养生主》、《人间世》、《德充符》、《大宗师》、《应帝王》、《马蹄》等内容。
461  0 @12001 @a二十二子详注全译
605    @a庄子@x译文
605    @a庄子
606 0  @a道家
690    @aB223.54@v4
701  0 @a孟庆祥@Ameng qing xiang@4译注
801  0 @aCN@bNLC@c20051226
905    @a10447@dB223.54@e240
999    @aHSJ
    
    庄子译注/孟庆祥等译注.-哈尔滨:黑龙江人民出版社,2003(2004重印)
    547页;22cm.-(二十二子详注全译/韩格平,董莲池主编)
    
    
    ISBN 7-207-04394-5:CNY509.10(全套)
    本书包括《逍遥游》、《齐物论》、《养生主》、《人间世》、《德充符》、《大宗师》、《应帝王》、《马蹄》等内容。
●
相关链接 在E读中查询图书 在五车中查询图书 在当当中查询图书 在豆瓣中查询图书


正题名:庄子译注     索取号:B223.54/240         预约/预借

序号 登录号 条形码 馆藏地/架位号 状态 备注
1 0369789   203697892   第一样本阅览室/ [索取号:B223.54/240] 在馆    
2 0369790   203697909   第一借阅区/ [索取号:B223.54/240] 在馆    
3 0372533   203725335   第一借阅区/ [索取号:B223.54/240] 在馆    
4 0372534   203725344   教育系资料室/ [索取号:B223.54/240] 在馆    
5 0372535   203725353   第一借阅区/ [索取号:B223.54/240] 在馆    
唐山师范学院图书馆 欢迎您!
大连网信软件有限公司© 版权所有